00383nam a2200133Ia 4500008004000000020001800040082001500058100004200073245003500115250000500150260006100155300001700216650001600233210210b1995 xxu||||| |||| 00| 0 eng d a81 203 0930 8 a658.8 KOTP aKOTLER (Philip) and ARMSTRONG (Gary). aPrinciples of marketing. Ed 6. a aNew Delhi.bPrentice-Hall of India Private Limitedc1995 axix,692,I-24 aMarketing